Southville International School and Colleges
Your cart is empty.
  • Cart
  • Lists
    Public lists Eva Luna New books Lux_list list_1
    Your lists Log in to create your own lists
  • Log in to your account
  • Your cookies
  • Search history
Southville International School and Colleges
  • Advanced search
  • Recent comments
  • Most popular
  • Libraries

Log in to your account

Log in with GOOGLE


If you do not have an external account, but do have a local account, you can still log in:

  1. Home
  2. MARC view: Martial arts for the mind /
Normal view MARC view ISBD view

Martial arts for the mind / (Record no. 9448)

[ view plain ]
MARC details
000 -LEADER
fixed length control field 01100cam a22003134a 4500
001 - CONTROL NUMBER
control field 13029299
003 - CONTROL NUMBER IDENTIFIER
control field OSt
005 - DATE AND TIME OF LATEST TRANSACTION
control field 20140310182115.0
008 - FIXED-LENGTH DATA ELEMENTS--GENERAL INFORMATION
fixed length control field 021212s2003 paua c b 001 0 eng
010 ## - LIBRARY OF CONGRESS CONTROL NUMBER
LC control number 2002155771
020 ## - INTERNATIONAL STANDARD BOOK NUMBER
International Standard Book Number 1590843940
040 ## - CATALOGING SOURCE
Original cataloging agency DLC
Transcribing agency DLC
Modifying agency DLC
042 ## - AUTHENTICATION CODE
Authentication code pcc
-- lcac
050 00 - LIBRARY OF CONGRESS CALL NUMBER
Classification number GV 1102.7.P75
Item number .J66 2003
082 00 - DEWEY DECIMAL CLASSIFICATION NUMBER
Classification number HS 796.8
Item number J63 2003
100 1# - MAIN ENTRY--PERSONAL NAME
Personal name Johnson, Nathan J.
9 (RLIN) 11393
245 10 - TITLE STATEMENT
Title Martial arts for the mind /
Statement of responsibility, etc Nathan Johnson.
260 ## - PUBLICATION, DISTRIBUTION, ETC. (IMPRINT)
Place of publication, distribution, etc Broomall, PA :
Name of publisher, distributor, etc Mason Crest Publishers,
Date of publication, distribution, etc c2003.
300 ## - PHYSICAL DESCRIPTION
Extent 96 p. :
Other physical details ill. (some col.) ;
Dimensions 25 cm.
490 1# - SERIES STATEMENT
Series statement Martial and fighting arts series
500 ## - GENERAL NOTE
General note Includes bibliographical references (p. 94) and index.
650 #0 - SUBJECT ADDED ENTRY--TOPICAL TERM
Topical term or geographic name as entry element Martial arts
General subdivision Psychological aspects
Form subdivision Juvenile literature.
9 (RLIN) 13657
650 #1 - SUBJECT ADDED ENTRY--TOPICAL TERM
Topical term or geographic name as entry element Martial arts.
9 (RLIN) 11407
830 #0 - SERIES ADDED ENTRY--UNIFORM TITLE
Uniform title Martial and fighting arts.
9 (RLIN) 11394
906 ## - LOCAL DATA ELEMENT F, LDF (RLIN)
a 7
b cbc
c orignew
d 1
e ecip
f 20
g y-gencatlg
942 ## - ADDED ENTRY ELEMENTS (KOHA)
Source of classification or shelving scheme Library of Congress Classification
Koha item type
Holdings
Withdrawn status Lost status Source of classification or shelving scheme Damaged status Home library Current library Shelving location Date acquired Total Checkouts Full call number Barcode Date last seen Copy number Price effective from Koha item type
    Library of Congress Classification   Luxembourg Library Luxembourg Library High School Section 08/27/2013   GV 1102.7.P75 .J66 2003 17227 08/27/2013 1 08/27/2013 Books

Martial arts for the mind /

APA

Johnson N. J., . (2003). Martial arts for the mind. Broomall, PA: Mason Crest Publishers.

Chicago

Johnson Nathan J, . 2003. Martial arts for the mind. Broomall, PA: Mason Crest Publishers.

Harvard

Johnson N. J., . (2003). Martial arts for the mind. Broomall, PA: Mason Crest Publishers.

MLA

Johnson Nathan J, . Martial arts for the mind. Broomall, PA: Mason Crest Publishers. 2003.

  • Place hold
  • Print
  • Cite
  • Add to your cart (remove)
  • Save record
    BIBTEX Dublin Core MARCXML MARC (non-Unicode/MARC-8) MARC (Unicode/UTF-8) MARC (Unicode/UTF-8, Standard) MODS (XML) RIS
  • More searches
    Search for this title in:
    Other Libraries (WorldCat) Other Databases (Google Scholar) Online Stores (Bookfinder.com) Open Library (openlibrary.org)

Exporting to Dublin Core...

SOUTHVILLE LIBRARY

Southville International School and Colleges Library

1281 Tropical Ave. Cor. Luxembourg St., BF Homes International, Las Pinas City

Tel. No. 8256374 / 252358 Loc. 117/146

Powered by Koha